Name the Creepypasta! - Statistics

General Stats
  • This quiz has been taken 2,348 times
  • The average score is 14 of 26
Answer Stats
Clues Answer % Correct
a suicidal picture of a husky Smile.jpg
90%
a tall, slender creature wearing a suit that stalks children Slenderman
87%
a boy that killed his family Jeff the Killer
82%
a kidney eater with no eyes Eyeless Jack
78%
a monochrome clown that poisons kids Laughing Jack
72%
a young girl murdered and raped by her uncle Sally
72%
I AM GOD!!(sonic) Sonic.exe
72%
you shouldn't have done that... BEN
70%
a proxy with two axes that killed his father Ticci Toby
69%
a masked proxy mentioned in marble hornets Tim/Masky
69%
a girl with a clock for an eye Clockwork
67%
a hooded proxy mentioned in marble hornets Brian/Hoodie
66%
a girl wearing a porcelain mask Jane the Killer
59%
a white, naked alien-like creature with claws The Rake
57%
He was almost killed by his brother, but surived and has stiches. Homicidal Liu
52%
a redhead whose name ends with toymaker Jason the Toymaker
51%
a demonic embodiment of FEAR ZALGO
47%
he died....(pokemon) Lost Silver
43%
Give me your eyes.(hint:oc) Lulu
36%
"Don't be excited about tomorrow, for there will be no tommorrow." Bloody Painter/Helen
35%
he is-no,WAS the disney mascot Suicide Mouse
32%
a demonic creatures creation(hint: oc!) Lazari
31%
"I annouce you... GUILTY!" Judge Angels/Dina
20%
the element of sLAUGHTER Pinkamena Diane Pie
8%
she wears a gas mask...(hint: oc) Gas Mask Maid
6%
a young girl who died, came back to life and is slendermans acciedental daughter Ally
5%
No matching quizzes found
Score Distribution
Percent of People with Each Score
Percentile by Number Answered
Your Score History
You have not taken this quiz